Statistiques concernant Quiz Shanks - One Piece

Cliquez ici pour prendre le quiz!

Statistiques générales

  • Ce quiz a été pris 247 fois
  • Le résultat moyen est 9 sur 10

Statistiques - réponses

QuestionRéponse% Correct
De quelle équipage de célèbre pirate a fait parti Shanks ?L'équipage de Roger
99%
Comment est-ce que Shanks a perdu son bras gauche ?Mangé par un monstre marin en sauvant Luffy ?
99%
Qui a donné à Shanks le chapeau de paille qu'il a donné à Luffy ?Roger
99%
Quelle personne ne fait pas parti de l'équipage de Shanks ?Mihawk
98%
Quel est le statut de Shanks ?Yonko
98%
Avec quelle personne Shanks rivalisait-il au sabre étant plus jeune ?Mihawk
97%
De quelle tribu font partis les amis de Shanks, Inuarashi et Nekomamushi ?Tribu des Minks
82%
Dans quel village Shanks a-t-il rencontré Luffy ?Fuchsia
80%
Quelle est le nom de son sabre ?Griffon
68%
Quelle est la prime de Shanks ?4 048 900 000 berry
67%

Distribution des résultats

Percentile par nombre de réponses

% des personnes avec chaque résultat

Votre développement - résultats

Vous n’avez pas pris ce quiz